| 000 | 00924 a2200217 4500 | ||
|---|---|---|---|
| 001 | 54579 | ||
| 005 | 20260407155819.0 | ||
| 008 | 260407a1975 arg spa d | ||
| 003 | AR-UNSa-BCEJYS | ||
| 040 |
_aAR-UNSa-BCEJYS _bspa _cAR-UNSa-BCEJYS |
||
| 080 |
_a316.334.3 _xSociología de subsistemas e instituciones políticas. Sociología política |
||
| 245 | 1 | 0 |
_aSociología de la política _pElementos de ciencia política |
| 020 | _a84-344-1669-7 | ||
| 264 | 1 |
_aBarcelona : _bAriel _c1975 |
|
| 300 |
_a461 p. _c19 cm. |
||
| 505 | _aPrimera parte: Conjuntos sociales - I. Las colectividades - II. Las culturas - Segunda parte: Estructuras sociales - III. Jerarquías y poderes - IV. Organizaciones y funciones - Tercera parte: Sistemas sociales - V. Los modelos de sistemas - VI. Los sistemas políticos | ||
| 041 | _aspa | ||
| 942 | _cBK | ||
| 590 | _aniveau_biblio:m niveau_hierar:0 | ||
| 100 | 1 | _aDuverger, Maurice | |
| 999 |
_c5654 _d5654 |
||